000 00914nam a2200217Ia 4500
999 _c38762
_d38762
001 5098
003 GE_BSU
005 20190612144752.0
008 181216s1972||||ge |||||||||||||| ||geo||
040 _cGE_BSU
041 _ageo
080 _a744(076.1) + 744(076.5) ქ-27
100 _aქართველიშვილი, მ.
_91105
245 _aამოცანათა კრებული პროექციულ ხაზვაში :
_bპრაქტიკული სახელმძღვ. /
_cმ. ქართველიშვილი
264 _aთბილისი :
_bსპი.
_c1972.
300 _a100 გვ. :
_bნახაზები ;
_c30 სმ.
504 _aბიბლიოგრ. : გვ. 90
653 _aამოცანათა კრებული პროექციულ ხაზვაში
653 _aხაზვა
942 _cBK
_2udc